000 00513nam a22001577a 4500
999 _c8158
_d8158
003 AUA.1
005 20191024185514.0
008 121025t xxu||||| |||| 00| 0 eng d
040 _cJTL
100 _aGwizo Innocent
_927978
245 _aAfrican Worldview as a Hermeneutical Factor to African Christology: An Analysis and Appraisal /
_cGwizo Innocent
300 _a130 p. :
_c29 cm.
650 _aAfrican Theology
_927979
650 _aHermeneutics
_927980
942 _2aua
_cPROJECT
_hMA PTh
_i.G95 2009